000 00600nam a2200241Ia 4500
003 OSt
005 20221007074241.0
006 a|||||r|||| 00| 0
007 ta
008 221006b |||||||| |||| 00| 0 eng d
024 _a43,022
037 _cTextual
040 _aFLL
_cFLL
_beng
041 _2eng
_aeng
082 _aZ:(P:7), Q4
100 _aAtre B.R.
245 0 _aLegislative drafting
250 _a4th
260 _aN.D
_bUniversal Law Publishing India
_c2014
300 _axl,462p
_ccm.
942 _hZ:(P:7), Q4
_cTEXL
_2CC
999 _c1151679
_d1151679